Ndiani acharima gura? / (Record no. 5122)
[ view plain ]
| 000 -LEADER | |
|---|---|
| fixed length control field | 00696cam a22002417a 4500 |
| 001 - CONTROL NUMBER | |
| control field | 1540889 |
| 003 - CONTROL NUMBER IDENTIFIER | |
| control field | GZU |
| 005 - DATE AND TIME OF LATEST TRANSACTION | |
| control field | 20210329121933.0 |
| 008 - FIXED-LENGTH DATA ELEMENTS--GENERAL INFORMATION | |
| fixed length control field | 910510s1990 rh 000 0 sna |
| 010 ## - LIBRARY OF CONGRESS CONTROL NUMBER | |
| LC control number | 90981834 |
| 020 ## - INTERNATIONAL STANDARD BOOK NUMBER | |
| International Standard Book Number | 0869259881 |
| 040 ## - CATALOGING SOURCE | |
| Original cataloging agency | DLC |
| Transcribing agency | DLC |
| Modifying agency | DLC |
| 050 00 - LIBRARY OF CONGRESS CALL NUMBER | |
| Classification number | PL 8681 |
| 100 1# - MAIN ENTRY--PERSONAL NAME | |
| Personal name | Nyawaranda, V. |
| Fuller form of name | (Vitalis), |
| Dates associated with a name | 1950- |
| 245 10 - TITLE STATEMENT | |
| Title | Ndiani acharima gura? / |
| Statement of responsibility, etc. | Vitalis Nyawaranda. |
| 260 ## - PUBLICATION, DISTRIBUTION, ETC. | |
| Place of publication, distribution, etc. | Harare, Zimbabwe : |
| Name of publisher, distributor, etc. | College Press, |
| Date of publication, distribution, etc. | 1990. |
| 300 ## - PHYSICAL DESCRIPTION | |
| Extent | 113 p. ; |
| Dimensions | 18 cm. |
| 490 1# - SERIES STATEMENT | |
| Series statement | Modern writers |
| 830 #0 - SERIES ADDED ENTRY--UNIFORM TITLE | |
| Uniform title | Modern writers (Harare, Zimbabwe) |
| 906 ## - LOCAL DATA ELEMENT F, LDF (RLIN) | |
| a | 7 |
| b | cbc |
| c | orignew |
| d | u |
| e | ncip |
| f | 19 |
| g | y-gencatlg |
| 942 ## - ADDED ENTRY ELEMENTS (KOHA) | |
| Source of classification or shelving scheme | Library of Congress Classification |
| Koha item type | Books |
| Classification part | 8681 |
| Item part | NYA |
| Call number prefix | PL |
| Call number suffix | 1990 |
| Withdrawn status | Lost status | Damaged status | Not for loan | Collection code | Home library | Current library | Shelving location | Date acquired | Total Checkouts | Full call number | Barcode | Date last seen | Date last checked out | Copy number | Price effective from | Koha item type | Inventory number |
|---|---|---|---|---|---|---|---|---|---|---|---|---|---|---|---|---|---|
| Fiction | City Campus Library | City Campus Library | General Stacks | 03/29/2021 | 1 | PL8681 NYA 1990 | 02/1442 | 02/28/2025 | 02/12/2025 | c.1 | 03/29/2021 | Books | |||||
| Fiction | City Campus Library | City Campus Library | 04/07/2021 | PL8681 NYA 1990 | G21267 | 04/07/2021 | c.2 | 04/07/2021 | Books | ||||||||
| Fiction | City Campus Library | City Campus Library | General Stacks | 04/21/2021 | PL8681 NYA 1990 | G21744 | 04/21/2021 | c.3 | 04/21/2021 | Books | |||||||
| Fiction | Mashava Campus Library | Mashava Campus Library | General Stacks | 05/20/2021 | PL8681 NYA 1999 | G21644 | 05/20/2021 | c.4 | 05/20/2021 | Books | 1765 |